Slovak Republic : 2021 Article IV Consultation-Press Release; Staff Report.

The Slovak Republic faced the pandemic from a position of strength with fiscal space and comfortable banking sector buffers. Effective policy support, through measures aimed at preserving jobs, providing liquidity support, and ensuring credit supply, have limited the economic fallout. Output is expe...

ver descrição completa

Detalhes bibliográficos
Autor Corporativo: International Monetary Fund. European Dept
Formato: Periódico
Idioma:English
Publicado em: Washington, D.C. : International Monetary Fund, 2021.
Colecção:IMF Staff Country Reports; Country Report ; No. 2021/133
Assuntos:
Acesso em linha:Full text available on IMF
LEADER 01660cas a2200301 a 4500
001 AALejournalIMF021845
008 230101c9999 xx r poo 0 0eng d
020 |c 5.00 USD 
020 |z 9781513587295 
022 |a 1934-7685 
040 |a BD-DhAAL  |c BD-DhAAL 
110 2 |a International Monetary Fund.  |b European Dept. 
245 1 0 |a Slovak Republic :   |b 2021 Article IV Consultation-Press Release; Staff Report. 
264 1 |a Washington, D.C. :  |b International Monetary Fund,  |c 2021. 
300 |a 1 online resource (71 pages) 
490 1 |a IMF Staff Country Reports 
500 |a <strong>Off-Campus Access:</strong> No User ID or Password Required 
500 |a <strong>On-Campus Access:</strong> No User ID or Password Required 
506 |a Electronic access restricted to authorized BRAC University faculty, staff and students 
520 3 |a The Slovak Republic faced the pandemic from a position of strength with fiscal space and comfortable banking sector buffers. Effective policy support, through measures aimed at preserving jobs, providing liquidity support, and ensuring credit supply, have limited the economic fallout. Output is expected to reach pre-crisis level before the end of 2021, but uncertainty is high. 
538 |a Mode of access: Internet 
650 7 |a International Agreements  |2 imf 
650 7 |a International Organizations  |2 imf 
650 7 |a Monetary Policy  |2 imf 
650 7 |a Observance  |2 imf 
651 7 |a Slovak Republic  |2 imf 
830 0 |a IMF Staff Country Reports; Country Report ;  |v No. 2021/133 
856 4 0 |z Full text available on IMF  |u http://elibrary.imf.org/view/journals/002/2021/133/002.2021.issue-133-en.xml  |z IMF e-Library